| 000 | 00932nam a22001697a 4500 | ||
|---|---|---|---|
| 999 |
_c63346 _d63346 |
||
| 003 | Ge_BSU | ||
| 005 | 20250923153634.0 | ||
| 008 | 250923s2015 ge ||||| |||| 00| 0 geo d | ||
| 041 | _ageo | ||
| 080 | _a343(473)(094.4) ს-32 | ||
| 245 |
_aსაქართველოს სისხლის სამართლის საპროცესო კოდექსი : _bანბანურ-საგნობრივი საძიებლით. ცვლილებებითა და დამატებებით 2015 წლის 17 თებერვლამდე. |
||
| 264 |
_aთბილისი, _c2015. |
||
| 300 |
_a256 გვ. ; _b20 სმ. |
||
| 490 | _aიურისტის ბიბლიოთეკა | ||
| 653 | _aსაქართველოს სისხლის სამართლის საპროცესო კოდექსი | ||
| 942 |
_2udc _cᲬᲘᲒᲜᲘ |
||